Sports Quiz

Random Sports or Baseball Quiz

MLB Most Hits with 2011 Team Quiz Stats

 Plays Quiz Updated Nov 7, 2018

Score 0/30 Timer 05:00
3 Plays Today
Team Player % Correct
YankeesDerek Jeter
99%
BravesChipper Jones
94.7%
MarinersIchiro Suzuki
91.7%
CardinalsAlbert Pujols
91.5%
RockiesTodd Helton
85.5%
PhilliesJimmy Rollins
78%
RangersMichael Young
76.8%
MarlinsHanley Ramirez
74.8%
CubsAramis Ramirez
74.6%
TwinsJoe Mauer
74.2%
MetsDavid Wright
72%
White SoxPaul Konerko
68.4%
BrewersPrince Fielder
68.1%
NationalsRyan Zimmerman
54.1%
Red SoxJason Varitek
53.9%
Team Player % Correct
AstrosCarlos Lee
45%
OriolesBrian Roberts
44.8%
RaysB.J. Upton
44.7%
IndiansTravis Hafner
42.6%
RedsBrandon Phillips
42.5%
TigersBrandon Inge
34.8%
DodgersAndre Ethier
32.9%
GiantsPablo Sandoval
32.7%
RoyalsBilly Butler
27.7%
D'BacksStephen Drew
26.2%
Blue JaysAaron Hill
25.7%
AngelsHowie Kendrick
14.2%
AthleticsMark Ellis
14.1%
PadresChase Headley
10.2%
PiratesRyan Doumit
9.5%

You're not logged in!

Compare scores with friends on all Sporcle quizzes.
OR
Log In

You Might Also Like...

Show Comments

Extras

Top Quizzes Today


Score Distribution

Your Account Isn't Verified!

In order to create a playlist on Sporcle, you need to verify the email address you used during registration. Go to your Sporcle Settings to finish the process.

Report this User

Report this user for behavior that violates our Community Guidelines.

Details: